000
00236 a2200085 4500
020
_a
9788194041405
100
_a
Himanshu Burte, Anupam Bansal and, Amritha Ballal
245
_a
India:Unbuilt Architecture Vol 1.0
260
_b
Archishots
_c
2019
999
_c
13680
_d
13680